[Event "Nicolo La Rosa op 15th"]
[Site "Mazara del Vallo"]
[Date "2007.08.12"]
[Round "5"]
[White "Piazza, Massimiliano"]
[Black "Pipitone, Claudio"]
[Result "0-1"]
[WhiteElo "1428"]
[BlackElo "1646"]
[PlyCount "48"]
[EventDate "2007.08.10"]
[EventType "swiss"]
[EventRounds "6"]
[EventCountry "ITA"]
[SourceTitle "EXT 2011"]
[Source "ChessBase"]
[SourceDate "2010.11.26"]
[SourceVersion "1"]
[SourceVersionDate "2010.11.26"]
[SourceQuality "1"]

1. d4 Nf6 2. c4 g6 3. Nc3 d6 4. e4 Bg7 5. f3 0-0 6. Be3 Nbd7 7. Qd2 Re8 8. 0-0-0 c5 9. d5 a6 10. g4 Ne5 11. h4 Nfxg4 12. fxg4 Bxg4 13. Re1 f5 14. Be2 fxe4 15. Nxe4 Bxe2 16. Qxe2 Qa5 17. Nc3 b5 18. cxb5 axb5 19. Qxb5 Qxb5 20. Nxb5 Rxa2 21. Kb1 Rea8 22. Re2 Nd3 23. b3 Rxe2 24. Nxe2 Ra1+ 0-1

[Event "Nicolo La Rosa op 15th"]
[Site "Mazara del Vallo"]
[Date "2007.08.11"]
[Round "4"]
[White "Montalto, Antonio"]
[Black "Piazza, Massimiliano"]
[Result "1/2-1/2"]
[WhiteElo "1814"]
[BlackElo "1428"]
[PlyCount "100"]
[EventDate "2007.08.10"]
[EventType "swiss"]
[EventRounds "6"]
[EventCountry "ITA"]
[SourceTitle "EXT 2011"]
[Source "ChessBase"]
[SourceDate "2010.11.26"]
[SourceVersion "1"]
[SourceVersionDate "2010.11.26"]
[SourceQuality "1"]

1. e4 c5 2. Nf3 d6 3. Bb5+ Bd7 4. Bxd7+ Qxd7 5. d4 cxd4 6. Nxd4 Nf6 7. Nc3 a6 8. 0-0 g6 9. Be3 Bg7 10. f3 0-0 11. Qd2 b5 12. a3 Nc6 13. Nce2 Rac8 14. Nxc6 Qxc6 15. Nd4 Qc4 16. c3 Nd7 17. Rad1 Nc5 18. Kh1 Nb3 19. Nxb3 Qxb3 20. Rf2 Rc6 21. Bd4 Bxd4 22. Qxd4 Qc4 23. Rfd2 Rfc8 24. h3 Qxd4 25. Rxd4 Rc4 26. g3 Kf8 27. Kg2 Ke8 28. Kf2 Kd7 29. e5 Rxd4 30. Rxd4 Ke6 31. exd6 exd6 32. Ke3 d5 33. g4 g5 34. f4 f6 35. Kd3 Rc4 36. fxg5 fxg5 37. b3 Rxd4+ 38. cxd4 a5 39. Kc3 Kd6 40. Kd3 Ke6 41. Ke3 Kd6 42. Kf3 Ke6 43. Kg3 Kf6 44. h4 h6 45. hxg5+ hxg5 46. Kf3 Ke6 47. Ke3 Kd6 48. Kd3 Kc6 49. Kc3 Kd6 50. b4 a4 1/2-1/2